LEADER 01434nam a2200241 i 4500 001 000000147666 003 CaOOAMICUS 005 20150204000000.0 008 150204s1760 it u000 u ita u 013 $a124902 026 $aalLa u-a- P.re pose (3) 1760 (R) 040 $aSeMil$bita 245 10$aStoria delle cose operate nella China da Monsignor Gio: Ambrogio Mezzabarba Patriarca d'Alessandria, legato appostolico in quell'Impero, e ultimamente vescovo di Lodi, scritta dal padre Viani dei Servi di Maria confessore del prelato suddetto, .. 260 $aIn Venezia :$bNella Stamperia Fenziana,$c1760. 300 $aXVI, 188 p. ;$c8º. 500 $aCors. ; rom. - Segn. : a8 A-M6. - Fregio sul front. in cornice xilogr. 650 4$aChiesa cattolica - Cina.$0(OLS)http://semarc/subject/9683 700 1 $aViani, Sostegno.$0(OLS)http://semarc/name/58532 700 1 $aFenzo, Modesto,$c.$0(OLS)http://semarc/name/2812 850 $aSeMil 852 $aSeMil$W1$xVenegono$y1$m3D I 37 FA$j100203$B100203$CSeMilBibl$Z2$F109310 $8I 996 $6245$aStoria delle cose operate nella China da Monsignor Gio: Ambrogio Mezzabarba Patriarca d'Alessandria, legato appostolico in quell'Impero, e ultimamente vescovo di Lodi, scritta dal padre Viani dei Servi di Maria confessore del prelato suddetto, ..$9(OLS)http://semarc/title/215902 996 $6260$aIn Venezia :$bNella Stamperia Fenziana$9(OLS)http://semarc/publisher/47794 LEADER 01621nam a2200265 i 4500 001 000000247635 003 CaOOAMICUS 005 20220523124452.0 008 160127s1757 it u000 u ita u 013 $a226540 026 $acou- noon e.O. NiSe (3) 1757 (R) 040 $aSeMil$bita 100 1 $aBacci, Pietro Giacomo,$d.$0(OLS)http://semarc/name/19176 245 10$aVita di S. Filippo Neri Fiorentino fondatore della Congregazione dell'oratorio scritta dal p. Pietro Giacomo Bacci ... ed accresciuta di molti fatti, e detti del santo, cavati da' processi della sua canonizzazione. 260 $aIn Torino :$bNella Stamperia di Francesco Antonio Mairesse all' Insegna di S. Teresa di Gesù,$c1757. 300 $a[4], 400 p, ;$c4º. 500 $aTesto su due colonne. - Fregio xilogr. sul front. - Cors. ; rom. - Iniz., fregi xilogr. 500 $aSegn.: pg2 A-3B4 3C6(-3C6) 3D4 600 04$aNeri, Filippo .$0(OLS)http://semarc/subject/1201 700 1 $aMairesse, Francesco Antonio,$c.$0(OLS)http://semarc/name/40760 850 $aSeMil 852 $aSeMil$W1$xVenegono$y1$m3H IV 69 FA$j197981$B197981$CSeMilBibl$Z2$F209230 $8I 996 $6245$aVita di S. Filippo Neri Fiorentino fondatore della Congregazione dell'oratorio scritta dal p. Pietro Giacomo Bacci ... ed accresciuta di molti fatti, e detti del santo, cavati da' processi della sua canonizzazione$9(OLS)http://semarc/title/349640 996 $6260$aIn Torino :$bNella Stamperia di Francesco Antonio Mairesse all' Insegna di S. Teresa di Gesù$9(OLS)http://semarc/publisher/54806